| 000 | 00795nam a22002177a 4500 | ||
|---|---|---|---|
| 999 |
_c169687 _d169687 |
||
| 005 | 20191129111856.0 | ||
| 010 | _aB-731098 | ||
| 020 |
_a9789386761873 _c695.00 |
||
| 035 | _aB-731098 | ||
| 037 | _bAne Books | ||
| 082 | _a485 | ||
| 100 | _aMukherjee, Gurudas | ||
| 245 |
_aEnglish grammer and composition / _h _cby Gurudas Mukherjee; edited by Indibar Mukherjee |
||
| 250 | _a16th ed. | ||
| 260 |
_aNew Delhi _bAne Books _c2018 |
||
| 270 |
_a4821, Parwana Bhawan, 1st Floor, 24 Ansari Road, Daryaganj _bNew Delhi _e110002 |
||
| 300 |
_axiv,492p. _c22cm(Hb) |
||
| 700 | _aMukherjee, Indibar | ||
| 942 |
_2ddc _cEN _mMUK _h485 |
||